Statistiques concernant Handball Hommes, les pays sur le podium des compétitions (JO, Championnats du Monde et Euro)

Cliquez ici pour prendre le quiz!

Statistiques générales

  • Ce quiz a été pris 82 fois
  • Le résultat moyen est 22 sur 24

Statistiques - réponses

Answer % Correct
France
100%
Allemagne
100%
RFA
100%
Suède
100%
RDA
100%
Espagne
99%
Danemark
99%
Equipe Unifiée
97%
Russie
97%
URSS
97%
Norvège
97%
Croatie
95%
RF Yougoslavie
93%
Pologne
93%
Yougoslavie
93%
Tchécoslovaquie
91%
Serbie
88%
Roumanie
81%
Autriche
81%
Qatar
81%
Slovénie
81%
Islande
78%
Hongrie
77%
Corée du Sud
66%

Distribution des résultats

Percentile par nombre de réponses

% des personnes avec chaque résultat

Votre développement - résultats

Vous n’avez pas pris ce quiz